00521nam a22001457a 4500008004100000020001900041082001100060100003400071245002000105260005200125300000900177942000800186999001500194952016600209260601b |||||||| |||| 00| 0 eng d a9789381275450  a001927 aNagarajjayya and Nagaraja Rao aCharuvasathiyam aBangalorebPoorna Prajna Samshodhan Trustc2014 a234p 2ddc c1503d1503 00102ddc406001927_0000000000000007091858aKSUbKSUcGENd2025-03-06ePoornaprajna Samshodhana Mandirami12237l0o001927p001927r2026-06-01w2026-06-01yBK